| 000 | 01009nam a22002777a 4500 | ||
|---|---|---|---|
| 005 | 20260108064025.0 | ||
| 007 | cr |||aaa||||| | ||
| 008 | 250614s2016 ck|abcofof||| 001 0 spa d | ||
| 020 | _a9789587227567 | ||
| 040 |
_aMX-MxUPN _bspa _cMX-MxUPN _eaacr2 |
||
| 041 | _aspa | ||
| 050 | _aLC2017 | ||
| 100 |
_aCisneros Estupiñán, Mireya _957009 |
||
| 100 |
_aRojas García, Irene _957010 |
||
| 100 |
_aOlave Arias, Giohanny _957011 |
||
| 245 |
_aHacia la desfragmentación de la didáctica de la lengua materna _h[recurso electrónico en línea] |
||
| 260 |
_aPereira, Colombia : _bEditorial Universidad Tecnológica de Pereira, _c2016 |
||
| 300 |
_a1 recurso electrónico (172 páginas) : _bPDF |
||
| 490 | _aTrabajos de investigación | ||
| 500 | _aIncluye bibliografía | ||
| 650 | 0 |
_aLingüística aplicada _957012 |
|
| 650 | 4 |
_aLengua materna _xEstudio y enseñanza _918081 |
|
| 856 | _uhttps://hdl.handle.net/11059/15519 | ||
| 902 | _aMaiella Martínez / 14062025 | ||
| 942 |
_2lcc _cLIBRO-E |
||
| 999 |
_c213523 _d213523 |
||